[Event "19eme Open de La Réunion"]
[Site "Salle des fêtes de Bellepierr"]
[Date "2017.10.16"]
[Round "1.1"]
[White "Lorans, Sylvain"]
[Black "Laoussing, Mathis"]
[Result "1-0"]
[WhiteElo "2167"]
[BlackElo "1350"]
[PlyCount "47"]
[EventDate "2017.??.??"]

1. e4 d5 2. exd5 Nf6 3. d4 Nxd5 4. c4 Nb6 5. Nc3 e5 6. d5 Bc5 7. Ne4 N8d7 8.
Nxc5 Nxc5 9. Be3 Qe7 10. Qc2 Bd7 11. Nf3 h6 12. Be2 Bg4 13. O-O e4 14. Bxc5
Qxc5 15. Qxe4+ Qe7 16. Qxg4 O-O 17. Rfe1 Qb4 18. Bd3 Qxb2 19. Qf5 g6 20. Qf4
Kh7 21. Rab1 Qxa2 22. Re7 Kg8 23. Qxh6 Rfe8 24. Bxg6 1-0

[Event "19eme Open de La Réunion"]
[Site "Salle des fêtes de Bellepierr"]
[Date "2017.10.16"]
[Round "1.2"]
[White "Padre, Maxime"]
[Black "Testud, Philippe"]
[Result "0-1"]
[WhiteElo "1347"]
[BlackElo "2167"]
[PlyCount "44"]
[EventDate "2017.??.??"]

1. Nf3 Nf6 2. g3 e6 3. Bg2 Be7 4. O-O O-O 5. c4 d5 6. d3 c5 7. Bd2 Nc6 8. Na3
b6 9. Nc2 Ba6 10. a3 dxc4 11. dxc4 Bxc4 12. Ne3 Ba6 13. Re1 Rc8 14. Qc2 Nd4 15.
Qd1 Qd7 16. Kf1 Rfd8 17. Bc3 Bb7 18. Nc2 Nxf3 19. exf3 Qb5+ 20. Qe2 Qxe2+ 21.
Kxe2 Ba6+ 22. Ke3 Nd5+ 0-1

[Event "19eme Open de La Réunion"]
[Site "Salle des fêtes de Bellepierr"]
[Date "2017.10.16"]
[Round "1.3"]
[White "Mezouaghi, Miloud"]
[Black "Poignart, Francois-Xavier"]
[Result "1-0"]
[WhiteElo "2102"]
[BlackElo "1337"]
[PlyCount "59"]
[EventDate "2017.??.??"]

1. e4 c5 2. Nf3 g6 3. d4 cxd4 4. Nxd4 Bg7 5. Nc3 Nc6 6. Nb3 Nf6 7. Be2 O-O 8.
O-O d6 9. f4 Qb6+ 10. Kh1 a5 11. a4 Be6 12. Nd5 Bxd5 13. exd5 Nb4 14. Bf3 Rfc8
15. c3 Na6 16. Re1 Kf8 17. Be3 Qc7 18. g4 Nc5 19. Bd4 Qd7 20. g5 Ne8 21. Bg4 e6
22. Nxc5 Rxc5 23. Bxc5 dxc5 24. dxe6 Qc6+ 25. Bf3 Qc7 26. exf7 Qxf7 27. Qd5
Qxf4 28. Qxc5+ Kg8 29. Bd5+ Kh8 30. Rf1 1-0

[Event "19eme Open de La Réunion"]
[Site "Salle des fêtes de Bellepierr"]
[Date "2017.10.16"]
[Round "1.4"]
[White "Sandjivy, Jean Marc"]
[Black "Calmels, Nicolas"]
[Result "0-1"]
[WhiteElo "1291"]
[BlackElo "1863"]
[PlyCount "60"]
[EventDate "2017.??.??"]

1. c4 e6 2. d4 d5 3. Qa4+ Bd7 4. Qa5 Nc6 5. Qd2 Bb4 6. Nc3 Nf6 7. cxd5 exd5 8.
a3 Ne4 9. Qe3 Bxc3+ 10. bxc3 Na5 11. Rb1 O-O 12. Rb4 Re8 13. Qd3 Bf5 14. Qf3
Qd7 15. e3 Bg4 16. Qf4 g5 17. Bb5 c6 18. Bxc6 bxc6 19. Qe5 Rxe5 20. dxe5 c5 21.
Rb2 Nxc3 22. Bd2 d4 23. Nf3 Nc4 24. Rb3 Nxd2 25. Nxd2 dxe3 26. fxe3 Qd3 27. Kf2
Qxd2+ 28. Kg3 Qxe3+ 29. Kxg4 Qf4+ 30. Kh5 Qh4# 0-1

[Event "19eme Open de La Réunion"]
[Site "Salle des fêtes de Bellepierr"]
[Date "2017.10.16"]
[Round "1.5"]
[White "Payet, Jean-Claude"]
[Black "Rebut, Paul"]
[Result "1-0"]
[WhiteElo "1837"]
[BlackElo "1261"]
[PlyCount "112"]
[EventDate "2017.??.??"]

1. e4 c5 2. Nf3 d6 3. d4 cxd4 4. Nxd4 Nf6 5. Nc3 a6 6. Be2 e5 7. Nf3 Be6 8. h3
h6 9. Be3 b5 10. a3 Be7 11. O-O O-O 12. Re1 Qc7 13. Bd3 Nbd7 14. Nd2 d5 15.
exd5 Nxd5 16. Nxd5 Bxd5 17. Be4 Nf6 18. Bxd5 Nxd5 19. c3 Nxe3 20. fxe3 Rad8 21.
Qe2 Rd7 22. Nf3 Rfd8 23. Kh1 Bc5 24. Qc2 Rd3 25. e4 Re3 26. Rxe3 Bxe3 27. Re1
Bf4 28. Qf2 Qc8 29. Kg1 Rd3 30. Kh1 Qd7 31. Qc2 Rxf3 32. gxf3 Qxh3+ 33. Kg1
Qg3+ 34. Kf1 Qxf3+ 35. Qf2 Qh1+ 36. Qg1 Qh3+ 37. Ke2 Qh5+ 38. Kd3 Qh3+ 39. Kc2
Qd7 40. Rd1 Qc6 41. Rd5 Qc4 42. Qg2 Qa4+ 43. Kb1 Qc4 44. Qf3 a5 45. Qd3 Qxd3+
46. Rxd3 g5 47. a4 bxa4 48. c4 g4 49. c5 g3 50. c6 g2 51. Rd1 Kg7 52. c7 Be3
53. c8=Q g1=Q 54. Rxg1+ Bxg1 55. Qg4+ Kf6 56. Qxg1 h5 1-0

[Event "19eme Open de La Réunion"]
[Site "Salle des fêtes de Bellepierr"]
[Date "2017.10.16"]
[Round "1.6"]
[White "Fautrel, Pierrick"]
[Black "Desire, Michael"]
[Result "0-1"]
[WhiteElo "1260"]
[BlackElo "1773"]
[PlyCount "79"]
[EventDate "2017.??.??"]

1. c4 Nf6 2. Nc3 e5 3. e4 Bc5 4. Nf3 O-O 5. g3 Ng4 6. d4 exd4 7. Nxd4 Ne5 8.
Bg2 Nxc4 9. O-O d6 10. Bf4 Nxb2 11. Qd2 Bxd4 12. Qxb2 Nc6 13. Qd2 Be6 14. a3
Qd7 15. Rfe1 Bh3 16. Bh1 Be5 17. Bxe5 Nxe5 18. f4 Nc4 19. Qe2 Qc6 20. e5 Qc5+
21. Qf2 Qxf2+ 22. Kxf2 c6 23. exd6 Nxd6 24. Re7 Rfd8 25. Rb1 Rac8 26. Na4 Kf8
27. Rbe1 Nc4 28. Rxb7 a5 29. Ree7 Be6 30. Nc5 Nd6 31. Nxe6+ fxe6 32. Rxg7 Nxb7
33. Rxb7 c5 34. Rxh7 Kg8 35. Ra7 Rb8 36. Bg2 Rb1 37. Bf1 Rdd1 38. Ra8+ Kf7 39.
Rxa5 Rxf1+ 40. Kg2 {et 0-1 après quelques coups} 0-1

[Event "19eme Open de La Réunion"]
[Site "Salle des fêtes de Bellepierr"]
[Date "2017.10.16"]
[Round "1.7"]
[White "Goorsahye, Antoine"]
[Black "Alfonsi, Romain"]
[Result "1-0"]
[WhiteElo "1750"]
[BlackElo "1250"]
[PlyCount "51"]
[EventDate "2017.??.??"]

1. e4 e5 2. Nf3 Nc6 3. d4 exd4 4. c3 Bc5 5. cxd4 Bb6 6. Bc4 d6 7. O-O Nf6 8.
Nc3 Na5 9. Bd3 O-O 10. Bg5 h6 11. Bh4 Bg4 12. e5 dxe5 13. dxe5 Bd4 14. exf6
Bxf6 15. Bxf6 Qxf6 16. Qa4 Nc6 17. Qxg4 Rad8 18. Qe4 g6 19. Nd5 Qd6 20. Bc4
Rfe8 21. Qh4 h5 22. Nf6+ Kf8 23. Nxe8 Rxe8 24. Rad1 Qb4 25. Qf6 Kg8 26. Qxf7+
1-0

[Event "19eme Open de La Réunion"]
[Site "Salle des fêtes de Bellepierr"]
[Date "2017.10.16"]
[Round "1.8"]
[White "Carballar, Eric"]
[Black "Bah, Ismael"]
[Result "0-1"]
[WhiteElo "1203"]
[BlackElo "1712"]
[PlyCount "70"]
[EventDate "2017.??.??"]

1. e4 e5 2. Nc3 Nc6 3. Nf3 Bc5 4. Bc4 Nf6 5. Ng5 O-O 6. Bxf7+ Rxf7 7. Nxf7 Kxf7
8. Qf3 Nd4 9. Qd3 d6 10. O-O Nh5 11. Ne2 Nxe2+ 12. Qxe2 Nf4 13. Qf3 Kg8 14. d3
Ng6 15. a4 a6 16. c3 Be6 17. b4 Ba7 18. Be3 Qf8 19. Qxf8+ Kxf8 20. a5 Nf4 21.
Rfe1 Nxd3 22. Re2 Nf4 23. Bxf4 exf4 24. e5 d5 25. Rc1 c6 26. c4 Rd8 27. c5 Re8
28. Rc3 Kg8 29. Rf3 Bg4 30. e6 Bxf3 31. gxf3 g5 32. Kg2 Kg7 33. Kh3 h5 34. Re5
Kf6 35. Re1 Rxe6 0-1

[Event "19eme Open de La Réunion"]
[Site "Salle des fêtes de Bellepierr"]
[Date "2017.10.16"]
[Round "1.9"]
[White "Andriandaza, Tombo Omar"]
[Black "Hauet, Noah"]
[Result "1-0"]
[WhiteElo "1711"]
[BlackElo "1199"]
[PlyCount "69"]
[EventDate "2017.??.??"]

1. e4 g6 2. Nf3 Bg7 3. Bc4 Nf6 4. Nc3 O-O 5. O-O e6 6. d4 a6 7. Bg5 Qe8 8. e5
Ng4 9. h3 Nh6 10. Ne4 d5 11. exd6 cxd6 12. Bxh6 Bxh6 13. Nf6+ Kh8 14. Nxe8 Rxe8
15. c3 d5 16. Bb3 a5 17. Ne5 f6 18. Ng4 Bg7 19. Re1 a4 20. Bxd5 Bd7 21. Bxb7
Ra7 22. Bf3 f5 23. Ne5 Ra5 24. Nxd7 Nxd7 25. Bc6 Rd8 26. Bxd7 Rxd7 27. Rxe6 Rd8
28. Qe2 h5 29. Rxg6 Ra7 30. Qxh5+ Kg8 31. Re1 Kf8 32. Qxf5+ Kg8 33. h4 Rf7 34.
Qg5 Kf8 35. Qxd8# 1-0

[Event "19eme Open de La Réunion"]
[Site "Salle des fêtes de Bellepierr"]
[Date "2017.10.16"]
[Round "1.10"]
[White "Bosi-Lagarde, Arthur"]
[Black "Triton, Maxime"]
[Result "0-1"]
[WhiteElo "1160"]
[BlackElo "1705"]
[PlyCount "68"]
[EventDate "2017.??.??"]

1. e4 c5 2. d3 Nc6 3. Nc3 e6 4. Nf3 a6 5. Be2 Nf6 6. O-O Be7 7. Be3 O-O 8. e5
Nd5 9. Nxd5 exd5 10. Qd2 d6 11. exd6 Bxd6 12. Bf4 Re8 13. Bxd6 Qxd6 14. d4 cxd4
15. Nxd4 Nxd4 16. Qxd4 Rxe2 17. Rfe1 Rxe1+ 18. Rxe1 Be6 19. c4 Rc8 20. b3 Qc5
21. Rd1 Qxd4 22. Rxd4 dxc4 23. bxc4 g6 24. h3 Rxc4 25. Rd8+ Kg7 26. Rd7 Bxd7
27. g4 Kf6 28. f3 Rc2 29. a3 Bb5 30. f4 g5 31. f5 Ke5 32. Kh1 Kf4 33. Kg1 Kg3
34. Kh1 Rc1# 0-1

[Event "19eme Open de La Réunion"]
[Site "Salle des fêtes de Bellepierr"]
[Date "2017.10.16"]
[Round "1.11"]
[White "Frelicot, Eric"]
[Black "Eric Andriana, Fitia"]
[Result "1-0"]
[WhiteElo "1680"]
[BlackElo "1156"]
[PlyCount "101"]
[EventDate "2017.??.??"]

1. c4 e5 2. Nc3 Nc6 3. g3 g6 4. Bg2 Bg7 5. d3 Nge7 6. Nf3 d6 7. O-O O-O 8. Rb1
Be6 9. b4 a6 10. a4 b6 11. b5 axb5 12. axb5 Na5 13. Ng5 Bf5 14. Bxa8 Qxa8 15.
e4 Bd7 16. Bd2 h6 17. Nf3 Qa7 18. Nh4 Qb7 19. Qc2 Bh3 20. Ng2 Nf5 21. Nd5 Nd4
22. Qd1 h5 23. Be3 f5 24. Bxd4 exd4 25. f3 fxe4 26. fxe4 Bg4 27. Rxf8+ Bxf8 28.
Nf6+ Kg7 29. Nxg4 hxg4 30. Qxg4 c5 31. Nh4 Qf7 32. Rf1 Qe8 33. Nxg6 Qxg6 34.
Qxg6+ Kxg6 35. Rxf8 Nb3 36. Kf2 Nc1 37. Rf3 Kg5 38. h3 Kh5 39. Ke1 Kg5 40. Kd1
Na2 41. Rf5+ Kg6 42. h4 Nb4 43. Kd2 Kh6 44. g4 Kg6 45. h5+ Kh6 46. Rf6+ Kg7 47.
g5 Nxd3 48. Kxd3 Kh7 49. h6 Kg8 50. g6 Kh8 51. Rf8# 1-0

[Event "19eme Open de La Réunion"]
[Site "Salle des fêtes de Bellepierr"]
[Date "2017.10.16"]
[Round "1.12"]
[White "Padre, Bryan"]
[Black "Mercadal, Theo"]
[Result "0-1"]
[WhiteElo "1150"]
[BlackElo "1661"]
[PlyCount "64"]
[EventDate "2017.??.??"]

1. e4 e5 2. Nf3 Nc6 3. d4 exd4 4. Nxd4 Bc5 5. Be3 Bb6 6. Bb5 Nf6 7. Nc3 O-O 8.
O-O Nxd4 9. Bxd4 c6 10. Bxb6 Qxb6 11. e5 Ne8 12. Bc4 Qxb2 13. Qd2 Qb4 14. Qd3
d6 15. Rfe1 d5 16. Bb3 Be6 17. Re2 Nc7 18. Rae1 Rfd8 19. Na4 b5 20. Qc3 Qxc3
21. Nxc3 c5 22. a4 c4 23. Ba2 b4 24. Nb5 Nxb5 25. axb5 Rab8 26. b6 Rxb6 27. h3
Ra6 28. Ra1 b3 29. cxb3 cxb3 30. Kh2 bxa2 31. Rexa2 Rxa2 32. Rxa2 Rd7 0-1

[Event "19eme Open de La Réunion"]
[Site "Salle des fêtes de Bellepierr"]
[Date "2017.10.16"]
[Round "1.13"]
[White "Dace, Jean Emeric"]
[Black "Celestin, Dimitri"]
[Result "1-0"]
[WhiteElo "1649"]
[BlackElo "1148"]
[PlyCount "105"]
[EventDate "2017.??.??"]

1. d4 Nf6 2. Bf4 Nc6 3. e3 d5 4. c3 Bf5 5. Qb3 e6 6. Qxb7 Na5 7. Qb5+ Nd7 8.
Qxa5 Rb8 9. Bxc7 Qc8 10. Bxb8 Qxb8 11. Bb5 Qb7 12. Nf3 f6 13. Nbd2 Be7 14. Nb3
O-O 15. Bxd7 Qxd7 16. Nc5 Qc6 17. Qa6 Qxa6 18. Nxa6 Rc8 19. Nc5 Rb8 20. Nb3 Be4
21. Nfd2 Bxg2 22. Rg1 Bh3 23. Ke2 Bd6 24. f4 f5 25. Rg3 Bg4+ 26. Nf3 a5 27.
Rag1 h5 28. h3 Bxf3+ 29. Kxf3 Bf8 30. Nc5 Rxb2 31. Nxe6 Rxa2 32. Nxg7 Bxg7 33.
Rxg7+ Kf8 34. R7g5 a4 35. Rxf5+ Ke7 36. Rxd5 Rb2 37. Rxh5 a3 38. Ra5 a2 39.
Rxa2 Rxa2 40. c4 Rc2 41. c5 Ke6 42. h4 Rh2 43. Rg6+ Kd7 44. Rh6 Kc7 45. Ke4 Rh3
46. d5 Rh2 47. f5 Rc2 48. f6 Rxc5 49. f7 Rc4+ 50. Ke5 Rc3 51. f8=Q Rxe3+ 52.
Kd4 Rg3 53. Qe7+ 1-0

[Event "19eme Open de La Réunion"]
[Site "Salle des fêtes de Bellepierr"]
[Date "2017.10.16"]
[Round "1.14"]
[White "Alex-Geerjanan, Nils"]
[Black "Ringayen, Rose-May"]
[Result "0-1"]
[WhiteElo "1140"]
[BlackElo "1622"]
[PlyCount "44"]
[EventDate "2017.??.??"]

1. e4 e5 2. Nf3 Nc6 3. Bc4 Nf6 4. d3 Bc5 5. c3 d6 6. h3 a6 7. a3 O-O 8. O-O b5
9. Ba2 Re8 10. d4 ({Crafty 19.01:} 10. a4 b4 11. Bc4 bxc3 12. Nxc3 h6 13. Bd2
Rb8 14. Qc2 Na5 15. Ba2 Bd7 16. Nd5 {[%eval -3,12]}) 10... exd4 11. cxd4 Bb6
12. Re1 Rxe4 13. Rxe4 Nxe4 14. Bd5 Nxf2 15. Kxf2 Bb7 16. Ng5 Qf6+ 17. Kg1 Bxd4+
18. Kh1 Rf8 19. Nd2 ({Crafty 19.01:} 19. Qd3 g6 20. Nc3 Nd8 21. Nge4 Qh8 22.
Bh6 Re8 23. Rd1 Bxd5 24. Qxd4 Bxe4 25. Nxe4 Qxd4 26. Rxd4 {[%eval 86,11]})
19... Qxg5 20. Bxc6 Bxc6 21. Nf3 Bxf3 22. Qxd4 Qxg2# 0-1

[Event "19eme Open de La Réunion"]
[Site "Salle des fêtes de Bellepierr"]
[Date "2017.10.16"]
[Round "1.15"]
[White "Duprey, Francois-Xavier"]
[Black "Carballar, Alexandre"]
[Result "1-0"]
[WhiteElo "1614"]
[BlackElo "1138"]
[PlyCount "31"]
[EventDate "2017.??.??"]

1. c4 e6 2. g3 d5 3. Bg2 dxc4 4. Qc2 Qd4 5. Nf3 Qc5 6. O-O Nf6 7. b4 Qxb4 8.
Nc3 Be7 9. Rb1 Qc5 10. Nb5 a6 11. Ba3 Qh5 12. Nxc7+ Kd7 13. Nxa8 Bxa3 14. Qa4+
b5 15. Qxa3 Kc6 16. Ne5# 1-0

[Event "19eme Open de La Réunion"]
[Site "Salle des fêtes de Bellepierr"]
[Date "2017.10.16"]
[Round "1.16"]
[White "Vincent, Theo"]
[Black "Evrin, Selvam"]
[Result "0-1"]
[WhiteElo "1120"]
[BlackElo "1592"]
[PlyCount "134"]
[EventDate "2017.??.??"]

1. e4 c5 2. Nf3 d6 3. d4 cxd4 4. Nxd4 Nf6 5. Nc3 g6 6. Nf3 Bg7 7. Be3 O-O 8.
Bc4 Ng4 9. Bd2 Nc6 10. h3 Nge5 11. Bb3 Nxf3+ 12. Qxf3 Nd4 13. Qd1 Nxb3 14. axb3
Be6 15. Nb5 a6 16. Nc3 d5 17. exd5 Bxd5 18. Nxd5 Qxd5 19. O-O Bxb2 20. Rb1 Bg7
21. Re1 e6 22. Bb4 Rfd8 23. Qe2 Rac8 24. c4 Qd3 25. Qxd3 Rxd3 26. Red1 Rcd8 27.
Rxd3 Rxd3 28. Kf1 Bf8 29. Bxf8 Kxf8 30. Ke2 Rd6 31. Ke3 Ke7 32. g4 f5 33. f3
Kf6 34. h4 h6 35. gxf5 exf5 36. f4 g5 37. hxg5+ hxg5 38. fxg5+ Kxg5 39. Rg1+
Kf6 40. Kf4 Rd4+ 41. Ke3 Re4+ 42. Kf3 Rd4 43. Rb1 Re4 44. Rd1 Ke6 45. Rd5 b5
46. Rc5 bxc4 47. bxc4 Rd4 48. Rc6+ Rd6 49. Rc5 Kf6 50. Kf4 Rd4+ 51. Ke3 Re4+
52. Kf3 Kg5 53. Ra5 Rxc4 54. Rxa6 Rc3+ 55. Kf2 f4 56. Ra4 Kg4 57. Ra2 Rh3 58.
Kg1 f3 59. Rb2 Kg3 60. Rc2 Rh4 61. Rd2 Ra4 62. Rf2 Ra1+ 63. Rf1 Ra2 64. Rd1
Rg2+ 65. Kf1 Rh2 66. Kg1 f2+ 67. Kf1 Rh1+ 0-1

[Event "19eme Open de La Réunion"]
[Site "Salle des fêtes de Bellepierr"]
[Date "2017.10.16"]
[Round "1.17"]
[White "Etheve, Lionel"]
[Black "Leonardy, Batiste"]
[Result "1-0"]
[WhiteElo "1576"]
[BlackElo "1116"]
[PlyCount "59"]
[EventDate "2017.??.??"]

1. Nf3 d5 2. d4 Nf6 3. Bf4 e6 4. e3 h6 5. h3 Be7 6. c4 Bb4+ 7. Nbd2 Ne4 8. Bd3
g5 9. Bh2 c6 10. a3 Nxd2 11. Nxd2 Be7 12. Be5 Bf6 13. Bxf6 Qxf6 14. Nf3 Nd7 15.
Qc2 e5 16. dxe5 Nxe5 17. Nxe5 Qxe5 18. cxd5 Qxd5 19. Rc1 g4 20. h4 Rg8 21. Be4
Qa5+ 22. Qc3 Qb5 23. g3 Bf5 24. a4 Bxe4 25. axb5 Bxh1 26. Qe5+ Kf8 27. bxc6
Bxc6 28. Rd1 Ba4 29. Rd4 Bd7 30. Rxd7 1-0

[Event "19eme Open de La Réunion"]
[Site "Salle des fêtes de Bellepierr"]
[Date "2017.10.16"]
[Round "1.18"]
[White "Fondrat, Johan"]
[Black "Arulanantham, Manuelpillai"]
[Result "0-1"]
[WhiteElo "1099"]
[BlackElo "1570"]
[PlyCount "96"]
[EventDate "2017.??.??"]

1. e4 c5 2. d3 d6 3. Nf3 g6 4. Be2 Nf6 5. O-O Bg7 6. Bg5 O-O 7. Nc3 Nc6 8. Qd2
Bg4 9. Bh6 Bxf3 10. Bxf3 Bxh6 11. Qxh6 Nd4 12. Bd1 e6 13. Ne2 Nxe2+ 14. Bxe2
Nd7 15. c4 f5 16. exf5 exf5 17. Bf3 Rb8 18. Bd5+ Kh8 19. Qf4 Qf6 20. Rfe1 b6
21. Rab1 Ne5 22. d4 Nd3 23. Qg3 Nxe1 24. Rxe1 Rbe8 25. Rd1 Qxd4 26. Rb1 Qe5 27.
f4 Qe3+ 28. Qxe3 Rxe3 29. Kf2 Rfe8 30. Bc6 R8e7 31. Rd1 Re2+ 32. Kf1 Rxb2 33.
Rxd6 Rxa2 34. Rd8+ Kg7 35. Bd5 Rb2 36. Rg8+ Kh6 37. Bf3 Re3 38. Rd8 a5 39. Rd1
a4 40. Ra1 a3 41. h4 a2 42. Kg1 Rb1+ 43. Rxb1 axb1=Q+ 44. Kh2 Qc2 45. Bd5 Qf2
46. Bf3 Rxf3 47. Kh1 Rxf4 48. h5 Rh4# 0-1

[Event "19eme Open de La Réunion"]
[Site "Salle des fêtes de Bellepierr"]
[Date "2017.10.16"]
[Round "1.19"]
[White "Larmet, Nino"]
[Black "Juillien, Thibault"]
[Result "1-0"]
[WhiteElo "1563"]
[BlackElo "1099"]
[PlyCount "73"]
[EventDate "2017.??.??"]

1. e4 c5 2. Nf3 d6 3. Bb5+ Bd7 4. Bxd7+ Nxd7 5. O-O Ngf6 6. Re1 g6 7. c4 Bg7 8.
d4 b6 9. Nc3 O-O 10. b3 Re8 11. Bb2 Qc7 12. Nb5 Qb7 13. d5 a6 14. Nc3 b5 15.
Nd2 b4 16. Ne2 a5 17. Qc2 Qc7 18. Ng3 Rac8 19. f4 e5 20. f5 Nf8 21. Nf3 Qd7 22.
Bc1 Qe7 23. Bd2 Rb8 24. Qc1 Ng4 25. h3 Nf6 26. Bh6 Rb6 27. Nf1 Qd7 28. g4 Re7
29. Bxg7 Kxg7 30. g5 Nh5 31. f6+ Nxf6 32. gxf6+ Kxf6 33. Qh6 Rb8 34. Ne3 Ree8
35. Ng4+ Ke7 36. Qg5+ f6 37. Qxf6# 1-0

[Event "19eme Open de La Réunion"]
[Site "Salle des fêtes de Bellepierr"]
[Date "2017.10.16"]
[Round "1.20"]
[White "Houwenaghel, Maxime"]
[Black "Pun Chung, Leo"]
[Result "0-1"]
[WhiteElo "1080"]
[BlackElo "1443"]
[PlyCount "70"]
[EventDate "2017.??.??"]

1. e4 e5 2. Nf3 Nc6 3. d4 exd4 4. Nxd4 Bc5 5. Be3 Qf6 6. c3 Nge7 7. b4 Bxd4 8.
Bxd4 Nxd4 9. cxd4 Nc6 10. e5 Qf4 11. Nc3 O-O 12. Nb5 Nxb4 13. Nxc7 Qe4+ 14. Be2
Qxg2 15. Kd2 Rb8 16. Bd3 Qxf2+ 17. Qe2 Qxd4 18. Qh5 Qxd3+ 19. Ke1 Nc2+ 20. Kf2
Qe3+ 21. Kg2 b6 22. Rhg1 Bb7+ 23. Kf1 g6 24. Qd1 Qf4+ 25. Ke2 Bf3+ 26. Kd3 Qe4+
27. Kd2 Bxd1 28. Raxd1 Rbc8 29. Rge1 Nxe1 30. Rxe1 Qb4+ 31. Ke2 Rxc7 32. Kf2
Rc2+ 33. Kf1 Qf4+ 34. Kg1 Qf2+ 35. Kh1 Qxh2# 0-1

[Event "19eme Open de La Réunion"]
[Site "Salle des fêtes de Bellepierr"]
[Date "2017.10.16"]
[Round "1.21"]
[White "Muller, Sebastien"]
[Black "Fautrel, Sebastien"]
[Result "1-0"]
[WhiteElo "1431"]
[BlackElo "1070"]
[PlyCount "51"]
[EventDate "2017.??.??"]

1. e4 c5 2. Nf3 d6 3. Bc4 e6 4. Nc3 Be7 5. d4 cxd4 6. Qxd4 Nc6 7. Qxg7 Bf6 8.
Qg3 Nge7 9. Be3 Ne5 10. Nxe5 Bxe5 11. f4 Rg8 12. Qf3 Bf6 13. Rd1 Bxc3+ 14. bxc3
Qa5 15. Bd2 Bd7 16. O-O Qb6+ 17. Be3 Qa5 18. e5 dxe5 19. fxe5 Qxc3 20. Qxf7+
Kd8 21. Bxe6 Kc7 22. Rxd7+ Kc6 23. Rd6+ Kc7 24. Qxe7+ Kb8 25. Rd8+ Qc8 26. Qd6#
1-0

[Event "19eme Open de La Réunion"]
[Site "Salle des fêtes de Bellepierr"]
[Date "2017.10.16"]
[Round "1.22"]
[White "Mohamed, Keziah"]
[Black "Assie, Joel"]
[Result "0-1"]
[WhiteElo "1060"]
[BlackElo "1398"]
[PlyCount "108"]
[EventDate "2017.??.??"]

1. e4 c6 2. d4 d5 3. e5 Bf5 4. Nc3 e6 5. Nf3 c5 6. Bb5+ Nc6 7. dxc5 Bxc5 8. O-O
a6 9. Ba4 h6 10. Re1 b5 11. Nxb5 axb5 12. Bxb5 Qb6 13. Qe2 Nge7 14. b3 O-O 15.
Bb2 Nb4 16. Rec1 Nxa2 17. Rd1 Nb4 18. Rxa8 Rxa8 19. Rc1 Ra2 20. c3 Nc2 21. b4
Rxb2 22. bxc5 Qxb5 23. Qxb5 Rxb5 24. Nd4 Nxd4 25. cxd4 Rb1 26. Rxb1 Bxb1 27.
Kf1 Nc6 28. Ke2 Nxd4+ 29. Ke3 Nc6 30. f4 d4+ 31. Kf3 d3 32. Ke3 Kf8 33. Kd2 Ke7
34. Kc1 Bc2 35. Kd2 Nd4 36. Kc3 Ne2+ 37. Kd2 Nxf4 38. g3 Ng6 39. Ke3 Nxe5 40.
Kd2 Nc4+ 41. Kc3 e5 42. Kxc4 d2 43. Kd5 d1=Q+ 44. Kxe5 f6+ 45. Kf4 g5+ 46. Ke3
Qd3+ 47. Kf2 Qe4 48. Kf1 Qf3+ 49. Ke1 Qe3+ 50. Kf1 Bd3+ 51. Kg2 g4 52. h3 Qf3+
53. Kh2 Qf2+ 54. Kh1 Be4# 0-1

[Event "19eme Open de La Réunion"]
[Site "Salle des fêtes de Bellepierre"]
[Date "2017.10.17"]
[Round "2.1"]
[White "Mercadal, Theo"]
[Black "Lorans, Sylvain"]
[Result "0-1"]
[WhiteElo "1661"]
[BlackElo "2167"]
[PlyCount "68"]
[EventDate "2017.??.??"]

1. c4 e5 2. Nc3 Nf6 3. g3 Bb4 4. Bg2 O-O 5. a3 Bxc3 6. dxc3 Re8 7. Nf3 d6 8.
O-O Nc6 9. Ne1 Be6 10. Bd5 Bh3 11. Ng2 Qd7 12. Bg5 Nxd5 13. cxd5 Ne7 14. e4 f5
15. f3 Ng6 16. Be3 Rf8 17. Rf2 Rf7 18. Qe2 fxe4 19. fxe4 Rxf2 20. Bxf2 Bg4 21.
Qe3 Rf8 22. Ne1 Qb5 23. b4 Qc4 24. Rc1 a6 25. Kg2 b6 26. h3 Bxh3+ 27. Kh2 Qf1
28. Rc2 Bg4 29. Rd2 h5 30. Rc2 Rf6 31. c4 Qh3+ 32. Kg1 h4 33. gxh4 Bf3 34. Rc3
Qh1# 0-1

[Event "19eme Open de La Réunion"]
[Site "Salle des fêtes de Bellepierre"]
[Date "2017.10.17"]
[Round "2.2"]
[White "Testud, Philippe"]
[Black "Dace, Jean Emeric"]
[Result "1-0"]
[WhiteElo "2167"]
[BlackElo "1649"]
[PlyCount "57"]
[EventDate "2017.??.??"]

1. d4 Nf6 2. c4 e6 3. Nf3 b6 4. g3 Bb7 5. Bg2 d6 6. O-O Nbd7 7. Nc3 Be7 8. Re1
Ne4 9. Qc2 Nxc3 10. bxc3 O-O 11. e4 Rc8 12. Nd2 f5 13. Bh3 f4 14. Bxe6+ Kh8 15.
f3 fxg3 16. hxg3 Nf6 17. Bxc8 Bxc8 18. Nf1 Nh5 19. Qh2 Nxg3 20. Nxg3 Bh4 21.
Rf1 Ba6 22. Nf5 Bf6 23. Kg2 Bxc4 24. Rh1 h6 25. Bxh6 Kg8 26. Bxg7 Bxg7 27. Qh7+
Kf7 28. Qxg7+ Ke8 29. Rh8 1-0

[Event "19eme Open de La Réunion"]
[Site "Salle des fêtes de Bellepierre"]
[Date "2017.10.17"]
[Round "2.3"]
[White "Ringayen, Rose-May"]
[Black "Mezouaghi, Miloud"]
[Result "0-1"]
[WhiteElo "1622"]
[BlackElo "2102"]
[PlyCount "74"]
[EventDate "2017.??.??"]

1. e4 c5 2. Nc3 Nc6 3. f4 g6 4. Bc4 Bg7 5. Nf3 e6 6. O-O Nge7 7. d3 d6 8. Ne2
d5 9. Bb3 b5 10. a4 b4 11. Ng3 Ba6 12. Re1 O-O 13. f5 c4 14. dxc4 dxe4 15. Qxd8
Rfxd8 16. Rxe4 Nxf5 17. Nxf5 gxf5 18. Re1 Na5 19. Ne5 Rac8 20. Bf4 Nxc4 21.
Bxc4 Bxc4 22. Rad1 Bd5 23. Rc1 Be4 24. c4 bxc3 25. Rxc3 Rxc3 26. bxc3 Kf8 27.
Rc1 f6 28. Nf3 e5 29. Be3 a6 30. Nd2 Bc6 31. a5 f4 32. Bc5+ Kf7 33. Nb3 Bf8 34.
Bb6 Rd3 35. Rc2 Ba4 36. Rb2 Rxc3 37. Nd2 Bc6 0-1

[Event "19eme Open de La Réunion"]
[Site "Salle des fêtes de Bellepierre"]
[Date "2017.10.17"]
[Round "2.4"]
[White "Calmels, Nicolas"]
[Black "Duprey, Francois-Xavier"]
[Result "0-1"]
[WhiteElo "1863"]
[BlackElo "1614"]
[PlyCount "58"]
[EventDate "2017.??.??"]

1. d4 Nf6 2. c4 g6 3. Nc3 Bg7 4. e4 d6 5. Be2 O-O 6. g4 Nc6 7. Be3 e5 8. d5 Nd4
9. h3 Nxe2 10. Qxe2 c6 11. O-O-O cxd5 12. cxd5 b5 13. Qd3 b4 14. Nce2 a5 15. f3
Ba6 16. Qd2 Qd7 17. Kb1 Rfc8 18. Rc1 Qb5 19. Rxc8+ Rxc8 20. Nc1 Qc4 21. Nge2
Nxe4 22. fxe4 Qxe4+ 23. Ka1 Qxh1 24. Kb1 a4 25. Ng1 Qe4+ 26. Ka1 Rc2 27. Qd1
Qxe3 28. Qxc2 Qxg1 29. Qc6 Bh6 0-1

[Event "19eme Open de La Réunion"]
[Site "Salle des fêtes de Bellepierre"]
[Date "2017.10.17"]
[Round "2.5"]
[White "Evrin, Selvam"]
[Black "Payet, Jean-Claude"]
[Result "1-0"]
[WhiteElo "1592"]
[BlackElo "1837"]
[PlyCount "147"]
[EventDate "2017.??.??"]

1. e4 e6 2. d4 d5 3. Nc3 Nf6 4. e5 Nfd7 5. f4 c5 6. Nf3 Nc6 7. Be3 Qb6 8. Na4
Qa5+ 9. c3 cxd4 10. b4 Qc7 11. Bxd4 Be7 12. Be2 O-O 13. O-O f6 14. b5 Na5 15.
Nb2 b6 16. a4 Nc5 17. c4 Bb7 18. Rc1 Qd7 19. Bxc5 Bxc5+ 20. Kh1 Be3 21. Rc3
Bxf4 22. Nd3 fxe5 23. Ndxe5 Qd6 24. Qd4 Rf5 25. Ng4 Raf8 26. c5 bxc5 27. Qxc5
h5 28. Qxd6 Bxd6 29. Nf2 e5 30. Kg1 d4 31. Rcc1 Nb3 32. Bc4+ Kh8 33. Bxb3 Bxf3
34. gxf3 Rxf3 35. Bd5 Ra3 36. Ne4 Rd8 37. Nxd6 Rxd6 38. Be4 Rd8 39. Ra1 Re3 40.
Rfe1 Rc3 41. Red1 Re3 42. Bg6 Rd6 43. Bd3 e4 44. Bf1 Rc3 45. Rac1 Ra3 46. Rc4
Rg6+ 47. Kh1 Re6 48. Rcxd4 g6 49. Re1 e3 50. Rd3 Rxd3 51. Bxd3 Kg7 52. Kg2 Kf6
53. Kf3 g5 54. Rxe3 g4+ 55. Ke2 Rd6 56. a5 Kg5 57. h3 Kf4 58. Re4+ Kg3 59. hxg4
hxg4 60. b6 axb6 61. a6 Rd7 62. Bb5 Rc7 63. Rc4 Re7+ 64. Kf1 Rf7+ 65. Kg1 Rf5
66. Rb4 Rf7 67. Bc6 Rc7 68. Rc4 Re7 69. Rc3+ Kf4 70. Bb7 g3 71. Rc1 b5 72. a7
Rxb7 73. a8=Q Rf7 74. Rf1+ 1-0